000 00791cab a2200265 4500
001 ABS54087
008 090401t1995 xxu||||| |||| 00| 0 eng d
035 _a(Sirsi) u8409
041 _aeng
245 _aAlternative land use
260 _c1995
300 _aLOAN
350 _a0
490 _aFarm Development Review
_v10(1) November 1995, (8)
520 _aReports on the rural white paper, farm retail franchise prospects, organic farming results, coppice contracts and other alternative land use developments.
650 _aALTERNATIVE LAND USE
650 _aCOPPICES
650 _aFARM DIVERSIFICATION
650 _aFARM RETAIL FRANCHISES
650 _aORGANIC FARMING
650 _aRURAL WHITE PAPER
690 _aRURAL PRACTICE
942 _n0
948 _c04/03/1997
999 _c5178
_d5178